[Event "10th Biel Festival"]
[Site "Biel SUI"]
[Date "1977.07.18"]
[Round "1"]
[White "Panno, Oscar"]
[Black "Robatsch, Karl"]
[Result "1-0"]
[WhiteElo "2550"]
[BlackElo "2435"]
[EventDate "1977.07.18"]
[PlyCount "119"]

1.Nf3 b6 2.g3 Bb7 3.Bg2 c5 4.O-O g6 5.d4 Bg7 6.d5 Nf6 7.c4 b5 8.Nc3 b4 9.
Na4 d6 10.a3 a5 11.Re1 Nbd7 12.e4 Ng4 13.Ra2 Nde5 14.b3 Nxf3+ 15.Qxf3 Bc8 
16.Bb2 Ne5 17.Qe2 f6 18.f4 Nf7 19.Ba1 Rb8 20.Nb2 O-O 21.Nd3 e5 22.dxe6 
Bxe6 23.a4 Re8 24.Qf2 Qc7 25.Rae2 Bg4 26.Re3 Bd7 27.Qd2 Bc6 28.Bb2 Qb7 29.
Nf2 f5 30.Bxg7 Kxg7 31.Bh3 Bxe4 32.Bg2 d5 33.cxd5 Nd6 34.Bxe4 fxe4 35.Nxe4
Nxe4 36.Rxe4 Rxe4 37.Rxe4 Rd8 38.Re5 Qb6 39.Qe3 Qd6 40.Qe4 Rd7 41.h4 c4 
42.Qxc4 Qb6+ 43.Kg2 Rc7 44.Qe2 Rc1 45.f5 Qg1+ 46.Kh3 Rd1 47.f6+ Kh6 48.Qf3
Rf1 49.Qe3+ Qxe3 50.Rxe3 Rxf6 51.Rd3 Kg7 52.d6 Rf8 53.Rd5 Rd8 54.Rxa5 Rxd6
55.Rb5 Rd4 56.a5 h5 57.a6 Rd6 58.Ra5 Rd8 59.a7 Ra8 60.Kg2 1-0

[Event "10th Biel Festival"]
[Site "Biel SUI"]
[Date "1977.07.18"]
[Round "1"]
[White "Lombard, Andre"]
[Black "Hug, Werner"]
[Result "1/2-1/2"]
[WhiteElo "2410"]
[BlackElo "2445"]
[EventDate "1977.07.18"]
[PlyCount "28"]

1.d4 Nf6 2.Nf3 g6 3.Bf4 Bg7 4.e3 O-O 5.Be2 d6 6.h3 Nbd7 7.O-O b6 8.Nbd2 
Bb7 9.c3 c5 10.Bd3 Qc7 11.Qe2 Rfe8 12.Ba6 Bxa6 13.Qxa6 Qc8 14.Qxc8 Rexc8 
1/2-1/2

[Event "10th Biel Festival"]
[Site "Biel SUI"]
[Date "1977.07.21"]
[Round "1"]
[White "Hernandez Onna, Roman"]
[Black "Torre, Eugenio"]
[Result "1/2-1/2"]
[WhiteElo "2435"]
[BlackElo "2550"]
[EventDate "1977.07.18"]
[PlyCount "100"]

1.c4 e5 2.Nc3 Nf6 3.g3 d5 4.cxd5 Nxd5 5.Bg2 Nb6 6.Nf3 Nc6 7.O-O Be7 8.d3 
O-O 9.Be3 Bg4 10.Rc1 Kh8 11.Na4 Nd4 12.Nc5 Bxf3 13.exf3 Bxc5 14.Rxc5 Qd6 
15.Bxd4 exd4 16.Qc2 c6 17.f4 a5 18.Re5 Nd7 19.Re2 Qc5 20.Qd1 Rae8 21.Rxe8 
Rxe8 22.Qb3 Qb4 23.Qxf7 Re7 24.Qf5 a4 25.a3 Qc5 26.Qh3 Qb5 27.Be4 h6 28.
Qf5 Qxf5 29.Bxf5 Nb6 30.Be4 c5 31.Rc1 Rc7 32.Bf5 Nc8 33.Bxc8 Rxc8 34.Kf1 
b5 35.Ke2 c4 36.Kd2 Kg8 37.Re1 c3+ 38.bxc3 Rxc3 39.Rb1 Rxa3 40.Rxb5 Ra2+ 
41.Ke1 a3 42.Ra5 Kf7 43.g4 g5 44.Kf1 Ra1+ 45.Kg2 a2 46.Ra7+ Kf8 47.Kf3 Kg8
48.Ra8+ Kg7 49.Ra5 Kf7 50.h3 Kf8 1/2-1/2

[Event "10th Biel Festival"]
[Site "Biel SUI"]
[Date "1977.07.19"]
[Round "2"]
[White "Robatsch, Karl"]
[Black "Vukic, Milan"]
[Result "1-0"]
[WhiteElo "2435"]
[BlackElo "2495"]
[EventDate "1977.07.18"]
[PlyCount "73"]

1.c4 e5 2.Nc3 Nf6 3.Nf3 Nc6 4.e3 Bb4 5.Qc2 Bxc3 6.Qxc3 Qe7 7.a3 a5 8.b4 e4
9.b5 Nd8 10.Nd4 d6 11.Be2 Bd7 12.Bb2 h5 13.f3 h4 14.O-O Rh6 15.d3 exd3 16.
Bxd3 b6 17.e4 Nb7 18.f4 O-O-O 19.Rae1 Nc5 20.e5 dxe5 21.fxe5 Ne8 22.Bc2 
Ne6 23.Nf5 Qc5+ 24.Kh1 Rh8 25.a4 Qf8 26.Ba3 Nc5 27.Nd4 Qe7 28.Qf3 Kb8 29.
Nb3 Rh6 30.Bxc5 bxc5 31.Nxa5 Rb6 32.Qxf7 Qg5 33.Qf4 Qxf4 34.Rxf4 g5 35.Rf8
Kc8 36.Be4 g4 37.Bd5 1-0

[Event "10th Biel Festival"]
[Site "Biel SUI"]
[Date "1977.07.19"]
[Round "2"]
[White "Wirthensohn, Heinz"]
[Black "Kagan, Shimon"]
[Result "1/2-1/2"]
[WhiteElo "2390"]
[BlackElo "2440"]
[EventDate "1977.07.18"]
[PlyCount "152"]

1.c4 g6 2.Nc3 Bg7 3.g3 c5 4.a3 Nc6 5.Rb1 a5 6.Bg2 d6 7.d3 Nh6 8.h4 Ng4 9.
h5 Bd7 10.Bd2 Rb8 11.hxg6 hxg6 12.Rxh8+ Bxh8 13.Nh3 Kf8 14.b3 Qc8 15.Ng5 
b6 16.Bd5 f6 17.Nf7 Bg7 18.f3 Be6 19.Nxd6 exd6 20.fxg4 Bxd5 21.Nxd5 Qxg4 
22.Bf4 Ne5 23.Kd2 Kf7 24.Qf1 Rh8 25.Qg2 Bh6 26.Rf1 Nd7 27.Bxh6 Rxh6 28.Rf4
Qg5 29.Kc2 Qe5 30.Qf1 Qg5 31.Re4 f5 32.Re7+ Qxe7 33.Nxe7 Kxe7 34.Qf3 Rh2 
35.Kd2 Ne5 36.Qb7+ Nd7 37.Ke3 g5 38.Qd5 Ne5 39.Qb7+ Ke6 40.Qxb6 Rh3 41.Kd2
Rxg3 42.d4 Nd7 43.Qd8 Nf6 44.Qc8+ Kf7 45.dxc5 dxc5 46.Qxf5 g4 47.Ke1 Rxb3 
48.Kf1 Rxa3 49.Qxc5 Ra1+ 50.Kg2 Ra2 51.Qa7+ Kg6 52.Qe3 Nh5 53.Qe8+ Kg5 54.
Qe5+ Kg6 55.Kg1 a4 56.c5 Nf6 57.e4 Kf7 58.Qc3 Kg6 59.Qe5 Kf7 60.Qd4 Rc2 
61.Qxa4 Rc1+ 62.Kf2 Rxc5 63.Qa2+ Ke7 64.Qa7+ Nd7 65.Kg3 Re5 66.Qb7 Kd8 67.
Qc6 Ke7 68.Kxg4 Re6 69.Qa4 Re5 70.Kf4 Rc5 71.Qb4 Ke6 72.Qb3+ Ke7 73.Qg3 
Ke6 74.Qh3+ Ke7 75.Qh7+ Kd8 76.Qg8+ Ke7 1/2-1/2

[Event "10th Biel Festival"]
[Site "Biel SUI"]
[Date "1977.07.20"]
[Round "3"]
[White "Vukic, Milan"]
[Black "Partos, Charles"]
[Result "1/2-1/2"]
[WhiteElo "2495"]
[BlackElo "2415"]
[EventDate "1977.07.18"]
[PlyCount "154"]

1.Nf3 Nf6 2.c4 b6 3.g3 Bb7 4.Bg2 c5 5.Nc3 g6 6.O-O Bg7 7.d4 cxd4 8.Qxd4 d6
9.Rd1 Nbd7 10.b3 Rc8 11.Bb2 O-O 12.Qd2 Nc5 13.Rac1 Qd7 14.Ne5 Qc7 15.Nd3 
Bxg2 16.Kxg2 Qb7+ 17.Kg1 Nce4 18.Qe3 Nxc3 19.Bxc3 Ng4 20.Qf4 Bxc3 21.Qxg4 
Bg7 22.Nb4 f5 23.Qf4 Rf7 24.Nd5 Be5 25.Qd2 Qd7 26.f4 Bg7 27.a4 Qc6 28.Qe3 
e6 29.Nb4 Qc5 30.Nc2 Rfc7 31.Kf1 Kf7 32.Rd3 Qxe3 33.Nxe3 Bf8 34.Rcd1 a6 
35.Ra1 Rb8 36.Ke1 b5 37.axb5 axb5 38.Ra6 Rcb7 39.Kd2 Rb6 40.Rxb6 Rxb6 41.
Kc2 Ke8 42.cxb5 Rxb5 43.Nc4 d5 44.Ne5 Bg7 45.Rd4 Bxe5 46.fxe5 Kd7 47.e3 
Kc7 48.g4 fxg4 49.Rxg4 Kc6 50.Rf4 Rb7 51.Kc3 Rc7 52.Rf8 Kb5+ 53.Kd4 Rc2 
54.Rb8+ Ka5 55.h4 h6 56.Re8 Kb4 57.e4 Rd2+ 58.Ke3 Rb2 59.Rb8+ Kc5 60.Rc8+ 
Kb6 61.exd5 Rxb3+ 62.Kd4 Rb4+ 63.Kc3 Kb7 64.Rc5 Rb1 65.Kc2 Rb6 66.Kd3 exd5
67.Rxd5 Kc7 68.Kc4 Rc6+ 69.Kd4 Ra6 70.Rc5+ Kd7 71.Kd5 Ra4 72.h5 gxh5 73.
Rb5 h4 74.Rb7+ Ke8 75.Rb6 Ke7 76.Rxh6 Ra5+ 77.Ke4 Ra1 1/2-1/2

[Event "10th Biel Festival"]
[Site "Biel SUI"]
[Date "1977.07.20"]
[Round "3"]
[White "Lombard, Andre"]
[Black "Wirthensohn, Heinz"]
[Result "1/2-1/2"]
[WhiteElo "2410"]
[BlackElo "2390"]
[EventDate "1977.07.18"]
[PlyCount "38"]

1.d4 d6 2.e4 g6 3.Nf3 Bg7 4.Be2 Nf6 5.Nc3 O-O 6.O-O c6 7.Re1 Bg4 8.Bg5 
Bxf3 9.Bxf3 e5 10.dxe5 dxe5 11.Be2 Qe7 12.Qd2 Nbd7 13.a3 Nc5 14.Bc4 Rfd8 
15.Qe2 Ne6 16.Bxe6 Qxe6 17.Rad1 Rd7 18.Rxd7 Nxd7 19.Rd1 Bf8 1/2-1/2

[Event "10th Biel Festival"]
[Site "Biel SUI"]
[Date "1977.07.20"]
[Round "3"]
[White "Hernandez Onna, Roman"]
[Black "Robatsch, Karl"]
[Result "1-0"]
[WhiteElo "2435"]
[BlackElo "2435"]
[EventDate "1977.07.18"]
[PlyCount "61"]

1.c4 b6 2.Nc3 Bb7 3.d4 e6 4.a3 d5 5.cxd5 exd5 6.Nf3 Be7 7.Bf4 Nf6 8.e3 O-O
9.Bd3 c5 10.O-O Nbd7 11.Rc1 c4 12.Bf5 g6 13.Bh3 Nh5 14.Bh6 Re8 15.Qa4 Nb8 
16.Rfe1 Bd6 17.g3 a6 18.Qc2 f5 19.Bxf5 gxf5 20.Qxf5 Ng7 21.Bxg7 Kxg7 22.
Ng5 Qd7 23.Qxh7+ Kf8 24.Qg6 Re7 25.e4 dxe4 26.Ncxe4 Bxe4 27.Rxe4 Rxe4 28.
Nh7+ Ke7 29.Qxe4+ Kd8 30.Qxa8 Qxh7 31.Qd5 1-0

[Event "10th Biel Festival"]
[Site "Biel SUI"]
[Date "1977.07.22"]
[Round "4"]
[White "Robatsch, Karl"]
[Black "Kavalek, Lubomir"]
[Result "1/2-1/2"]
[WhiteElo "2435"]
[BlackElo "2545"]
[EventDate "1977.07.18"]
[PlyCount "113"]

1.c4 e5 2.Nc3 Nf6 3.Nf3 Nc6 4.d3 h6 5.e3 Be7 6.Be2 O-O 7.a3 a5 8.b3 d6 9.
Bb2 Bf5 10.O-O Re8 11.Nd2 Bh7 12.Nde4 Nxe4 13.dxe4 Bf8 14.Qc2 Nb8 15.Rfd1 
Nd7 16.Bg4 c6 17.Bf5 g6 18.Bxd7 Qxd7 19.Rd2 Qc7 20.Rad1 Rad8 21.a4 f5 22.
Ba3 b6 23.Qd3 Qf7 24.Qe2 Re6 25.Qf3 Qe8 26.Qg3 Kh8 27.f3 Rd7 28.Qf2 Qd8 
29.Qe2 Qb8 30.Kh1 Rf7 31.Kg1 Qc7 32.Bb2 Kg8 33.Ba3 h5 34.Kh1 h4 35.h3 Be7 
36.Kg1 Bf8 37.Kh2 Be7 38.Kh1 Bf8 39.Qe1 Be7 40.Qe2 Bf8 41.Rd3 Qb8 42.Qf2 
Be7 43.exf5 gxf5 44.f4 e4 45.R3d2 Bg6 46.Ne2 c5 47.Nc3 Bh5 48.Rg1 Rg7 49.
Nd5 Bd8 50.Qe1 Rg3 51.Bb2 Qb7 52.Rf2 Reg6 53.Rgf1 Qf7 54.Qc3 Rh6 55.Qd2 
Kh7 56.Nc3 Bf6 57.Nd5 1/2-1/2

[Event "10th Biel Festival"]
[Site "Biel SUI"]
[Date "1977.07.22"]
[Round "4"]
[White "Torre, Eugenio"]
[Black "Kagan, Shimon"]
[Result "1/2-1/2"]
[WhiteElo "2550"]
[BlackElo "2440"]
[EventDate "1977.07.18"]
[PlyCount "127"]

1.e4 c5 2.Nf3 Nc6 3.d4 cxd4 4.Nxd4 g6 5.Be2 Bg7 6.Nb3 d6 7.O-O f5 8.exf5 
Bxf5 9.c4 Nh6 10.Nc3 O-O 11.Be3 Be6 12.Nd4 Nxd4 13.Bxd4 Nf5 14.Bxg7 Kxg7 
15.Qd2 Qb6 16.Rad1 Rf7 17.Ne4 h6 18.Rfe1 Raf8 19.Bf1 Bc8 20.b4 e5 21.c5 
dxc5 22.bxc5 Qc7 23.Qd5 Kh7 24.Nd6 Nxd6 25.Qxd6 Re8 26.f3 Re6 27.Qxc7 Rxc7
28.Rd5 Rce7 29.Bc4 e4 30.Rd6 Re5 31.Rxe4 Rxe4 32.fxe4 Rxe4 33.Bd3 Re6 34.
Rxe6 Bxe6 35.Be4 b6 36.c6 Kg7 37.Kf2 Kf6 38.Ke3 Ke7 39.a3 g5 40.Kd4 Kd6 
41.h3 a5 42.Bf3 Bc8 43.Be4 h5 44.Bg6 h4 45.Be4 Be6 46.Bf3 Bf5 47.Kc4 Bc2 
48.Kd4 Ba4 49.c7 Bd7 50.Be2 Kxc7 51.Ke5 Bc6 52.Kf5 Bxg2 53.Kxg5 Bxh3 54.
Kxh4 Be6 55.Kg3 Kc6 56.Kf2 Kc5 57.Ke3 Bc4 58.Bd1 Bb5 59.Bb3 Bc4 60.Bd1 Bb5
61.Bb3 a4 62.Bd1 Kc4 63.Kd2 Bc6 64.Kc2 1/2-1/2

[Event "10th Biel Festival"]
[Site "Biel SUI"]
[Date "1977.07.22"]
[Round "4"]
[White "Partos, Charles"]
[Black "Hernandez Onna, Roman"]
[Result "1/2-1/2"]
[WhiteElo "2415"]
[BlackElo "2435"]
[EventDate "1977.07.18"]
[PlyCount "57"]

1.d4 d5 2.c4 e6 3.Nc3 c5 4.cxd5 exd5 5.Nf3 Nc6 6.g3 Nf6 7.Bg2 Be7 8.O-O 
O-O 9.b3 Ne4 10.Bb2 Bf6 11.Na4 cxd4 12.Nxd4 Bd7 13.Rc1 Re8 14.e3 Nxd4 15.
Bxd4 Bc6 16.Nc3 Qe7 17.Bxf6 Qxf6 18.Qd3 Rad8 19.Ne2 h5 20.Nd4 Bd7 21.f3 
Nd6 22.Rc5 Nf5 23.Nxf5 Bxf5 24.Qd2 Qe7 25.Rc3 b5 26.Kf2 b4 27.Rcc1 Qf6 28.
Rfd1 Rc8 29.Rxc8 1/2-1/2

[Event "10th Biel Festival"]
[Site "Biel SUI"]
[Date "1977.07.22"]
[Round "4"]
[White "Panno, Oscar"]
[Black "Vukic, Milan"]
[Result "0-1"]
[WhiteElo "2550"]
[BlackElo "2495"]
[EventDate "1977.07.18"]
[PlyCount "139"]

1.Nf3 Nf6 2.g3 g6 3.Bg2 Bg7 4.O-O O-O 5.c4 d6 6.Nc3 e5 7.d4 Nbd7 8.e4 c6 
9.b3 Re8 10.Re1 a5 11.h3 exd4 12.Nxd4 Nc5 13.Rb1 Nfd7 14.Be3 Ne5 15.Qc2 
Qe7 16.Rbd1 f6 17.f4 Nf7 18.Bf2 Qf8 19.a3 f5 20.exf5 Bxd4 21.Rxd4 Rxe1+ 
22.Bxe1 Bxf5 23.Qd1 Qg7 24.Bf2 Ne6 25.Ne4 g5 26.fxg5 Nfxg5 27.Nxd6 Nxd4 
28.Bxd4 Nf3+ 29.Qxf3 Qxd4+ 30.Kh2 Qxd6 31.Qxf5 Kh8 32.h4 Rg8 33.Qf3 Rg7 
34.Qe3 Qe7 35.Qd3 Kg8 36.Bh3 Rf7 37.a4 Qf6 38.Bg2 Kf8 39.Qe3 Re7 40.Qc5 
Qe5 41.Qf2+ Ke8 42.Qa7 Kd8 43.c5 Rd7 44.Qxa5+ Ke7 45.Qb4 Kd8 46.Qa5+ Ke7 
47.Qb4 Kf6 48.Qg4 Rd4 49.Qc8 Rxh4+ 50.Bh3 Re4 51.Qf8+ Kg6 52.Qg8+ Kh6 53.
Qf8+ Qg7 54.Qd6+ Kg5 55.Qd2+ Kf6 56.Qd6+ Kf7 57.Bf1 Qf6 58.Bc4+ Kg7 59.
Qd7+ Qe7 60.Qd3 h5 61.Kg2 h4 62.gxh4 Rg4+ 63.Kf3 Rxh4 64.Qf5 Qf6 65.Qxf6+ 
Kxf6 66.Ke3 Ke5 67.Kd3 Rh3+ 68.Kc2 Kd4 69.Kb2 Kxc5 70.Ka3 0-1

[Event "10th Biel Festival"]
[Site "Biel SUI"]
[Date "1977.07.22"]
[Round "4"]
[White "Wirthensohn, Heinz"]
[Black "Hug, Werner"]
[Result "1/2-1/2"]
[WhiteElo "2390"]
[BlackElo "2445"]
[EventDate "1977.07.18"]
[PlyCount "30"]

1.d4 Nf6 2.Nf3 d6 3.c4 Nbd7 4.Nc3 e5 5.e4 c6 6.Be2 g6 7.O-O Bg7 8.d5 Nc5 
9.Qc2 a5 10.Bg5 Qc7 11.Nd2 O-O 12.b3 Bd7 13.Rfc1 Ng4 14.Bxg4 Bxg4 15.a3 
Na6 1/2-1/2

[Event "10th Biel Festival"]
[Site "Biel SUI"]
[Date "1977.07.23"]
[Round "5"]
[White "Lombard, Andre"]
[Black "Torre, Eugenio"]
[Result "0-1"]
[WhiteElo "2410"]
[BlackElo "2550"]
[EventDate "1977.07.18"]
[PlyCount "104"]

1.d4 c5 2.d5 Nf6 3.c4 e5 4.Nc3 d6 5.e4 Nbd7 6.Nf3 Be7 7.g3 O-O 8.Bg2 Ne8 
9.O-O g6 10.Ne1 f5 11.Nd3 Ng7 12.f4 Bf6 13.Qc2 Re8 14.Kh1 exf4 15.Bxf4 Ne5
16.Nxe5 Bxe5 17.Qd2 Bxf4 18.Qxf4 Re5 19.exf5 Rxf5 20.Qd2 Bd7 21.Ne4 Qe7 
22.g4 Rff8 23.Qc3 Rxf1+ 24.Rxf1 Ne8 25.Qe1 Kh8 26.Qc3+ Kg8 27.Qe1 Kh8 28.
h3 b6 29.Qc3+ Kg8 30.Qe1 Kh8 31.Qd2 Kg7 32.Ng5 Nf6 33.Ne6+ Bxe6 34.dxe6 
Rf8 35.g5 Ne4 36.Bxe4 Rxf1+ 37.Kg2 Qxe6 38.Qc3+ Kf8 39.Kxf1 Qxe4 40.Qh8+ 
Ke7 41.Qxh7+ Ke6 42.b3 Qb1+ 43.Kf2 Qxa2+ 44.Kg1 Qb1+ 45.Kh2 Qc2+ 46.Kg1 
Qc1+ 47.Kh2 Qf4+ 48.Kh1 Qf7 49.Qh6 Kf5 50.Kh2 Qe7 51.h4 Kg4 52.Qxg6 Qe2+ 
0-1

[Event "10th Biel Festival"]
[Site "Biel SUI"]
[Date "1977.07.23"]
[Round "5"]
[White "Hernandez Onna, Roman"]
[Black "Panno, Oscar"]
[Result "1/2-1/2"]
[WhiteElo "2435"]
[BlackElo "2550"]
[EventDate "1977.07.18"]
[PlyCount "83"]

1.c4 g6 2.Nc3 c5 3.Nf3 Bg7 4.g3 b6 5.Bg2 Bb7 6.O-O Nf6 7.d3 O-O 8.Bf4 Nc6 
9.Qd2 d5 10.cxd5 Nxd5 11.Nxd5 Qxd5 12.Ne5 Qe6 13.Nxc6 Bxc6 14.Bxc6 Qxc6 
15.Bh6 Bxh6 16.Qxh6 Rfd8 17.Rfc1 Rd4 18.Qe3 Rad8 19.Rc2 Qf6 20.Rac1 h5 21.
Rc4 e6 22.Rxd4 Rxd4 23.Qd2 Qd8 24.b3 e5 25.Qe3 Qd6 26.Rc4 Kg7 27.Rxd4 Qxd4
28.Qxd4 cxd4 29.f3 Kf6 30.Kg2 g5 31.Kf2 Ke6 32.Kg2 g4 33.h3 Kf5 34.fxg4+ 
hxg4 35.h4 Kg6 36.Kf2 f5 37.e3 dxe3+ 38.Kxe3 Kh5 39.Kf2 f4 40.Kg2 a6 41.a3
b5 42.b4 1/2-1/2

[Event "10th Biel Festival"]
[Site "Biel SUI"]
[Date "1977.07.24"]
[Round "6"]
[White "Vukic, Milan"]
[Black "Hernandez Onna, Roman"]
[Result "1/2-1/2"]
[WhiteElo "2495"]
[BlackElo "2435"]
[EventDate "1977.07.18"]
[PlyCount "27"]

1.Nf3 c5 2.c4 Nf6 3.Nc3 Nc6 4.g3 g6 5.Bg2 Bg7 6.O-O O-O 7.d4 cxd4 8.Nxd4 
Nxd4 9.Qxd4 d6 10.Qd3 Qa5 11.Bd2 Qh5 12.f3 Be6 13.b3 d5 14.cxd5 1/2-1/2

[Event "10th Biel Festival"]
[Site "Biel SUI"]
[Date "1977.07.24"]
[Round "6"]
[White "Robatsch, Karl"]
[Black "Kagan, Shimon"]
[Result "1-0"]
[WhiteElo "2435"]
[BlackElo "2440"]
[EventDate "1977.07.18"]
[PlyCount "80"]

1.c4 g6 2.e4 Bg7 3.d4 d6 4.Nc3 e5 5.Nf3 Nc6 6.Bg5 f6 7.Be3 Nh6 8.h3 Nf7 9.
Be2 O-O 10.O-O Kh8 11.Re1 Ng5 12.d5 Nxf3+ 13.Bxf3 Ne7 14.c5 f5 15.cxd6 
cxd6 16.Rc1 Bd7 17.Qb3 b5 18.Qa3 Qb8 19.b4 a5 20.Rb1 a4 21.Rbc1 f4 22.Bd2 
g5 23.Nb1 Ng6 24.Bg4 Bxg4 25.hxg4 Ra7 26.Rc6 f3 27.g3 Ne7 28.Rc3 Rc7 29.
Rec1 Rc4 30.Rxc4 bxc4 31.Bxg5 Ng8 32.Rxc4 Qb5 33.Nd2 Qd7 34.Nxf3 Qxg4 35.
Kg2 Bh6 36.Bh4 Bg7 37.Qe3 Nh6 38.Be7 Re8 39.Qg5 Qd7 40.Bf6 Ng4 1-0

[Event "10th Biel Festival"]
[Site "Biel SUI"]
[Date "1977.07.24"]
[Round "6"]
[White "Panno, Oscar"]
[Black "Kavalek, Lubomir"]
[Result "1/2-1/2"]
[WhiteElo "2550"]
[BlackElo "2545"]
[EventDate "1977.07.18"]
[PlyCount "36"]

1.Nf3 Nf6 2.c4 c5 3.Nc3 Nc6 4.g3 d5 5.cxd5 Nxd5 6.Bg2 g6 7.Qb3 Ndb4 8.a3 
Na5 9.Qd1 Nbc6 10.b4 cxb4 11.axb4 Nxb4 12.Qa4+ Nbc6 13.Ne5 Bg7 14.Nxc6 
Nxc6 15.Bxc6+ bxc6 16.Qxc6+ Bd7 17.Qe4 O-O 18.O-O Bf5 1/2-1/2

[Event "10th Biel Festival"]
[Site "Biel SUI"]
[Date "1977.07.25"]
[Round "7"]
[White "Lombard, Andre"]
[Black "Robatsch, Karl"]
[Result "1-0"]
[WhiteElo "2410"]
[BlackElo "2435"]
[EventDate "1977.07.18"]
[PlyCount "60"]

1.d4 Nf6 2.c4 e6 3.Nc3 c5 4.d5 exd5 5.cxd5 d6 6.e4 g6 7.f4 Bg7 8.Bb5+ Nfd7
9.Bd3 a6 10.a4 Qc7 11.Nf3 c4 12.Bc2 Nc5 13.Be3 Bg4 14.O-O Nbd7 15.Bd4 f6 
16.Qe2 Nb3 17.Bxb3 cxb3 18.Rac1 Rc8 19.Qe3 Nc5 20.e5 O-O 21.Ne4 fxe5 22.
fxe5 Bxf3 23.gxf3 b6 24.Nxd6 Rcd8 25.f4 a5 26.Bxc5 bxc5 27.Nb5 Qe7 28.Qxb3
c4 29.Qxc4 Qh4 30.d6+ Kh8 1-0

[Event "10th Biel Festival"]
[Site "Biel SUI"]
[Date "1977.07.25"]
[Round "7"]
[White "Kagan, Shimon"]
[Black "Partos, Charles"]
[Result "1-0"]
[WhiteElo "2440"]
[BlackElo "2415"]
[EventDate "1977.07.18"]
[PlyCount "87"]

1.e4 c5 2.Nf3 Nc6 3.d4 cxd4 4.Nxd4 Nf6 5.Nc3 d6 6.g3 Bg4 7.f3 Bd7 8.Be3 g6
9.Qd2 Bg7 10.O-O-O h5 11.Kb1 Rc8 12.h3 a6 13.f4 b5 14.Bg2 Na5 15.b3 e5 16.
Nde2 exf4 17.gxf4 b4 18.Nd5 Nxd5 19.Qxd5 Qc7 20.Rd2 Nb7 21.Bd4 Bc6 22.Qc4 
O-O 23.Bxg7 Kxg7 24.Qxb4 Rfe8 25.Nc3 Qe7 26.Nd5 Bxd5 27.Rxd5 Rc7 28.Qb6 
Rec8 29.Rc1 Qh4 30.f5 a5 31.fxg6 fxg6 32.e5 dxe5 33.Rxe5 Nc5 34.Re8 Qg3 
35.Rxc8 Rxc8 36.Bb7 Nxb7 37.Rg1 Qd6 38.Rxg6+ Qxg6 39.Qxb7+ Kh6 40.Qxc8 Qf6
41.a4 Kg5 42.Qc5+ Kh4 43.Qxa5 Qf3 44.Kb2 1-0

[Event "10th Biel Festival"]
[Site "Biel SUI"]
[Date "1977.07.27"]
[Round "8"]
[White "Robatsch, Karl"]
[Black "Hug, Werner"]
[Result "0-1"]
[WhiteElo "2435"]
[BlackElo "2445"]
[EventDate "1977.07.18"]
[PlyCount "50"]

1.c4 g6 2.e4 Bg7 3.d4 d6 4.Nc3 Nf6 5.Be2 O-O 6.Nf3 Bg4 7.O-O Nfd7 8.d5 Na6
9.Be3 Nac5 10.Bd4 Bxf3 11.Bxf3 Bxd4 12.Qxd4 e5 13.dxe6 fxe6 14.b4 Ne5 15.
bxc5 Rxf3 16.cxd6 cxd6 17.Rad1 Qf6 18.Ne2 Rf8 19.Qxa7 Qh4 20.h3 Rxh3 21.
gxh3 Nf3+ 22.Kg2 Qxe4 23.Kh1 Ne1+ 24.f3 Rxf3 25.Kg1 Rg3+ 0-1

[Event "10th Biel Festival"]
[Site "Biel SUI"]
[Date "1977.07.27"]
[Round "8"]
[White "Torre, Eugenio"]
[Black "Wirthensohn, Heinz"]
[Result "1/2-1/2"]
[WhiteElo "2550"]
[BlackElo "2390"]
[EventDate "1977.07.18"]
[PlyCount "74"]

1.e4 c5 2.Nf3 Nc6 3.d4 cxd4 4.Nxd4 Nf6 5.Nc3 e5 6.Ndb5 d6 7.Bg5 a6 8.Na3 
b5 9.Bxf6 gxf6 10.Nd5 f5 11.exf5 Bxf5 12.c3 Bg7 13.Nc2 O-O 14.Nce3 Be6 15.
g4 Ne7 16.Bg2 Rc8 17.Qd3 Nxd5 18.Bxd5 Bh6 19.Nf5 Qf6 20.Nxh6+ Qxh6 21.Rd1 
Bxd5 22.Qxd5 Rc4 23.h3 Qf4 24.O-O Re4 25.Rfe1 Rxe1+ 26.Rxe1 Re8 27.Qxd6 
Re6 28.Qd3 e4 29.Qd8+ Kg7 30.Qd4+ Kg8 31.Qe3 Qd6 32.Re2 Re5 33.f4 exf3 34.
Qxe5 fxe2 35.Qxe2 Qg3+ 36.Qg2 Qe3+ 37.Kh1 Qc1+ 1/2-1/2

[Event "10th Biel Festival"]
[Site "Biel SUI"]
[Date "1977.07.27"]
[Round "8"]
[White "Partos, Charles"]
[Black "Lombard, Andre"]
[Result "1/2-1/2"]
[WhiteElo "2415"]
[BlackElo "2410"]
[EventDate "1977.07.18"]
[PlyCount "59"]

1.f4 Nf6 2.Nf3 c5 3.b3 g6 4.Bb2 Bg7 5.e4 O-O 6.d3 Nc6 7.c4 d6 8.Nc3 Bg4 9.
Be2 Bxf3 10.Bxf3 Ne8 11.O-O Nc7 12.Bg4 b5 13.Qd2 Rb8 14.g3 a5 15.Rab1 Nd4 
16.Ne2 Na6 17.cxb5 Rxb5 18.Nc3 Rb7 19.h4 Nb4 20.h5 Qb6 21.Kh1 Qa6 22.Rfd1 
f5 23.Bh3 gxh5 24.exf5 Nxf5 25.Kh2 Nd4 26.Bg2 Rbb8 27.Ne2 Nbc6 28.Nxd4 
Nxd4 29.Bxd4 Bxd4 30.Qe2 1/2-1/2

[Event "10th Biel Festival"]
[Site "Biel SUI"]
[Date "1977.07.27"]
[Round "8"]
[White "Panno, Oscar"]
[Black "Kagan, Shimon"]
[Result "1/2-1/2"]
[WhiteElo "2550"]
[BlackElo "2440"]
[EventDate "1977.07.18"]
[PlyCount "87"]

1.d4 g6 2.c4 Bg7 3.Nc3 d6 4.Nf3 c6 5.e4 a6 6.Be2 b5 7.O-O Nd7 8.h3 Bb7 9.
Re1 b4 10.Na4 c5 11.d5 Ngf6 12.Bf1 Qc7 13.Bf4 O-O 14.Bh2 Ne8 15.Rc1 Rd8 
16.Rc2 Bc8 17.Rd2 Bh6 18.Rd3 f6 19.a3 a5 20.axb4 axb4 21.Qe2 Ne5 22.Rdd1 
Bd7 23.Ra1 Ra8 24.b3 Bxa4 25.Bxe5 fxe5 26.Rxa4 Rxa4 27.bxa4 Nf6 28.Qd1 Ra8
29.Bd3 Nd7 30.Qb3 Nb6 31.Ra1 Ra5 32.Bc2 Qa7 33.Qa2 Qd7 34.Bb3 Kg7 35.Qc2 
Kf8 36.Kf1 Ke8 37.Ne1 e6 38.Nd3 Ke7 39.Nb2 Qe8 40.g3 Qf7 41.Kg2 Qf6 42.Qe2
Bg7 43.h4 h5 44.Rd1 1/2-1/2

[Event "10th Biel Festival"]
[Site "Biel SUI"]
[Date "1977.07.27"]
[Round "8"]
[White "Hernandez Onna, Roman"]
[Black "Kavalek, Lubomir"]
[Result "1/2-1/2"]
[WhiteElo "2435"]
[BlackElo "2545"]
[EventDate "1977.07.18"]
[PlyCount "21"]

1.c4 g6 2.Nc3 c5 3.g3 Bg7 4.Bg2 Nc6 5.e3 e5 6.Nge2 Nge7 7.a3 O-O 8.Rb1 a5 
9.O-O d6 10.d3 Rb8 11.Bd2 1/2-1/2

[Event "10th Biel Festival"]
[Site "Biel SUI"]
[Date "1977.07.28"]
[Round "9"]
[White "Kagan, Shimon"]
[Black "Vukic, Milan"]
[Result "1-0"]
[WhiteElo "2440"]
[BlackElo "2495"]
[EventDate "1977.07.18"]
[PlyCount "127"]

1.e4 Nf6 2.e5 Nd5 3.d4 d6 4.Nf3 Bg4 5.Be2 e6 6.O-O Be7 7.c4 Nb6 8.exd6 
cxd6 9.b3 O-O 10.Bb2 Nc6 11.a3 a5 12.Nbd2 Bf5 13.Re1 d5 14.c5 Nd7 15.Bb5 
Qc7 16.Bc3 b6 17.b4 Rfb8 18.Qe2 axb4 19.axb4 Rxa1 20.Rxa1 Bf6 21.Bxc6 Qxc6
22.b5 Qc7 23.c6 Nc5 24.Qe3 Nd3 25.Ne5 Nxe5 26.dxe5 Be7 27.Bd4 h6 28.Ra6 
Bd8 29.Qa3 Be7 30.Ra7 Bxa3 31.Rxc7 Bd3 32.Rb7 Rc8 33.Rxb6 Bb4 34.Nb3 Bc4 
35.Nc5 Bxc5 36.Bxc5 Bxb5 37.Rxb5 Rxc6 38.Kf1 h5 39.Ke2 Ra6 40.Rb7 Ra4 41.
Kd3 Re4 42.Bd4 Re1 43.h4 Rd1+ 44.Kc3 Rg1 45.g3 Rc1+ 46.Kd2 Rc4 47.Ke3 Ra4 
48.Ra7 Rb4 49.Kd3 Rb3+ 50.Bc3 Rb1 51.Kc2 Rb6 52.Rc7 Ra6 53.Kb3 Rb6+ 54.Bb4
Ra6 55.Bc5 Ra1 56.Bd4 Rd1 57.Be3 Rb1+ 58.Kc3 Rb5 59.Kd4 Ra5 60.Rb7 f6 61.
Bf4 f5 62.Re7 Ra6 63.Kc5 Kf8 64.Kb5 1-0

[Event "10th Biel Festival"]
[Site "Biel SUI"]
[Date "1977.07.28"]
[Round "9"]
[White "Hug, Werner"]
[Black "Partos, Charles"]
[Result "1/2-1/2"]
[WhiteElo "2445"]
[BlackElo "2415"]
[EventDate "1977.07.18"]
[PlyCount "40"]

1.e4 c5 2.Nf3 g6 3.c3 Bg7 4.Be2 Nf6 5.e5 Nd5 6.d4 cxd4 7.Qxd4 Nc7 8.Qh4 h6
9.Nbd2 d5 10.exd6 Qxd6 11.O-O Ne6 12.Nc4 Qc7 13.Rd1 Nc6 14.a4 Bf6 15.Qg3 
Qxg3 16.hxg3 Bg7 17.Be3 O-O 18.Rd2 Rd8 19.Rad1 Rxd2 20.Rxd2 Kf8 1/2-1/2

[Event "10th Biel Festival"]
[Site "Biel SUI"]
[Date "1977.07.29"]
[Round "10"]
[White "Panno, Oscar"]
[Black "Hug, Werner"]
[Result "1/2-1/2"]
[WhiteElo "2550"]
[BlackElo "2445"]
[EventDate "1977.07.18"]
[PlyCount "82"]

1.d4 Nf6 2.c4 d6 3.Nc3 g6 4.e4 Bg7 5.Be2 O-O 6.Nf3 Bg4 7.Be3 Nfd7 8.h3 
Bxf3 9.Bxf3 Nc6 10.d5 Na5 11.Be2 Nb6 12.Bd4 Bxd4 13.Qxd4 c5 14.dxc6 Nxc6 
15.Qd2 e5 16.O-O Qe7 17.b3 Rad8 18.f4 exf4 19.Rxf4 Qe5 20.Raf1 a6 21.Kh1 
Ne7 22.Bd3 Nd7 23.Nd1 Qg5 24.Qf2 Ne5 25.Bb1 h5 26.Ne3 a5 27.Rd1 f6 28.Rf1 
Rf7 29.Qd2 N5c6 30.Nd5 Rdf8 31.Nxe7+ Rxe7 32.Qxd6 Kg7 33.Qd2 Qe5 34.Qd5 
Qc7 35.Qc5 Rd7 36.Qe3 Qe5 37.Kg1 Nd4 38.R4f2 Rd6 39.Qe1 Rf7 40.Kh1 Rfd7 
41.Qc3 h4 1/2-1/2

[Event "10th Biel Festival"]
[Site "Biel SUI"]
[Date "1977.07.29"]
[Round "10"]
[White "Hernandez Onna, Roman"]
[Black "Kagan, Shimon"]
[Result "1-0"]
[WhiteElo "2435"]
[BlackElo "2440"]
[EventDate "1977.07.18"]
[PlyCount "65"]

1.c4 g6 2.Nc3 Bg7 3.g3 d6 4.Bg2 e5 5.Nf3 f5 6.O-O Nf6 7.d4 e4 8.Ng5 h6 9.
Nh3 g5 10.f3 exf3 11.exf3 O-O 12.f4 g4 13.Nf2 h5 14.Re1 h4 15.d5 hxg3 16.
hxg3 Nh5 17.Nh1 Bxc3 18.bxc3 b6 19.Be3 Nd7 20.Bd4 Ndf6 21.Qd3 Bd7 22.Nf2 
Rc8 23.Nd1 Re8 24.Ne3 Ng7 25.Kf2 Kf7 26.Rh1 Rh8 27.Rxh8 Qxh8 28.Rh1 Qf8 
29.Rh6 Nge8 30.Nxf5 Bxf5 31.Rxf6+ Nxf6 32.Qxf5 Rb8 33.Qxf6+ 1-0